[Event "Collado Villalba op-A 29th"]
[Site "Collado Villalba"]
[Date "2012.08.31"]
[Round "8"]
[White "Garcia Ruiz, Fuentes Angel M"]
[Black "Martinez de Miguel, Pedro"]
[Result "1/2-1/2"]
[WhiteElo "1942"]
[BlackElo "2121"]
[PlyCount "87"]
[EventDate "2012.08.24"]
[EventType "swiss"]
[EventRounds "9"]
[EventCountry "ESP"]
[SourceTitle "CBM 150 Extra"]
[Source "ChessBase"]
[SourceDate "2012.10.19"]
[SourceVersion "1"]
[SourceVersionDate "2012.10.19"]
[SourceQuality "1"]

1. e4 c5 2. Nf3 d6 3. d4 cxd4 4. Nxd4 Nf6 5. Nc3 a6 6. f4 e5 7. Nf3 Qc7 8. a4 Be6 9. Bd3 Nbd7 10. 0-0 Be7 11. Kh1 Rc8 12. Qe1 Nc5 13. f5 Bd7 14. a5 b5 15. axb6 Qxb6 16. Qe2 a5 17. Nd2 a4 18. Re1 0-0 19. Bb5 Ncxe4 20. Ndxe4 Nxe4 21. Be3 Nxc3 22. Bxb6 Nxe2 23. Bxd7 Rxc2 24. Bxa4 Rxb2 25. Be3 Ra8 26. Bc6 Rxa1 27. Rxa1 Rb8 28. g3 h6 29. Kg2 Bg5 30. Kf3 Bxe3 31. Kxe2 Bd4 32. Ra8 Rxa8 33. Bxa8 Kf8 34. Kd3 Ke7 35. Ke4 Kf6 36. Bd5 h5 37. h3 g6 38. fxg6 Kxg6 39. g4 hxg4 40. hxg4 Bb2 41. Bb3 f6 42. Be6 Kg5 43. Bf5 d5+ 44. Kxd5 1/2-1/2